"R" Countries - World Map Sudden Death - Statistics

General Stats
  • This quiz has been taken 649 times
  • The average score is 10 of 12
Answers on the Grid
Answers color-coded by a green-red scale on the quiz's grid according to % correct below.
 
Answer Stats
Answer % Correct
Russia
90%
Russia
90%
Russia
90%
Russia
88%
Russia
87%
Russia
86%
Russia
83%
Russia
82%
Romania
82%
Republic of the Congo, Rwanda
81%
Republic of the Congo
59%
Russia
39%
No matching quizzes found
Score Distribution
Percent of People with Each Score
Percentile by Number Answered
Your Score History
You have not taken this quiz